Documentos de estudio. Realidad Centroamericana. Militarismo y Sociedad

Guardado en:
Bibliografiske detaljer
Format: Texto
Udgivet: s.l: s.e
Tags: Tilføj Tag
Ingen Tags, Vær først til at tagge denne postø!

MARC

LEADER 00000 a a2200000 04500
001 25296
003
040
090 |a 150007  
245 |a Documentos de estudio. Realidad Centroamericana. Militarismo y Sociedad  
260 |a s.l:   |b s.e  
300 |a pag. cortada  
999 |c 6953  |d 6953